000
00307nam a22001337a 4500
008
170502b xxu||||| |||| 00| 0 eng d
020
_a
9780195138610
041
_a
eng
080
_a
341
100
_a
13
101
_a
SHJ
245
_a
SENTENCING SANCTION WESTERN COUNTRIES
_c
TONRY.M
942
_2
udc
_c
BK
999
_c
12356
_d
12356